000 00318nam a22001337a 4500
020 _a978-04-3984-119-1
082 _a823
_bSTI/W
100 _aSTILTON, GERONIMO
245 _aWEDDING CRASHER
260 _aNEW YORK
_bSCHOLASTIC INC
_c2017
300 _a111
650 _aCHILDRENS STORY BOOK
_zUNITED STATES
942 _cBK
999 _c4592
_d4592